000 00494nam a2200145 4500
999 _c15424
_d15424
008 200527b ||||| |||| 00| 0 eng d
022 _a2094-8042
082 _aDPer 370.105 M72 June 2010-Mar 2011 v. 59 n. 1-10
100 _aUreta, Jay V.
_942222
245 _aRequisites to a rewarding retirement/
_cJay V. Ureta.
260 _aPhilippines:
_bIn the Grade School, Inc.,
_cc2010-2011.
300 _av59 n4, page 137:
_billustrations;
_c28 cm.
650 _aRetirement.
_942161
942 _2ddc
_cPER